000 01610nam a22002537a 4500
003 URS
005 20250310183157.0
008 250210b |||||||| |||| 00| 0 eng d
050 0 0 _aLG 221.R59
_b.Ab75 2023
100 1 _aAbogadie, Johnlester S.
_eResearcher
245 1 0 _aStudy habits of grade 9 science students and its correlates
_cJohnlester S. Abogadie, Angel Anne T. Alcantara [and] Frederick A. Francisco
260 1 _c2023
300 _axiv, 78 leaves;
_billustrations,
_c28cm.
336 _2rdacontent
_atext
337 _2rdamedia
_aunmediated
338 _2rdacarrier
_avolume
502 _aUndergraduate theses
_bBachelor of Secondary Education Major in Science
_cUniversity of Rizal System Rodriguez, Rizal
_dyear of 2023
520 _aThe aim of the study was to determine the relationship between students' study habits in learning science and the academic performances of grade 9 students at Tagumpay National High School. The researchers used qualitative and quantitative research methods. This study utilized the correlational method. The sources of data were the validated checklist questionnaire for the students and an interview with science teachers. A sample random technique was used to get the 100 student respondents and three Grade 9 science teachers. The researchers used frequency and percentage distributions, a weighted mean, and a computed chi-square.
650 _2study habits - grade 9 science students
700 _aAlcantara, Angel Anne T.
_eResearchers
700 _aFrancisco, Frederick A.
_eResearcher
700 _aCortez, May A.
_eAdviser
942 _2lcc
_cT
999 _c82063
_d82062